000 02118cam a22004694i 4500
003 PE-LiUPU
005 20250731180128.0
008 150625s r 000 0 d
035 _a(Sirsi) a34298
040 _aPE-LiUPU
_bspa
_cPE-LiUPU
_erda
082 0 4 _a516.24
_bG65
_221
100 1 _aGoñi Galarza, Juan,
_eautor.
245 1 0 _aTrigonometria /
_cJuan Goñi Galaza.
264 1 _aLima :
_bIngenieria E.I.R.L,
_c1981.
300 _a482 páginas :
_bilustraciones ;
_c20.5 cm.
336 _atext
_2rdacontent
337 _aunmediated
_2rdamedia
338 _avolume
_2rdacarrier
505 0 _aAngulos, arcos y sus médidas. -Funciones o razones trigonómétricas. -Relaciones o formulas fundamentales. -Líneas trigonométricas en función de una de ellas. -Valores numéricos de las funciones de arcos notables. -Funciones de la suma y diferencia de arcos, funciones de arcos negativos. -Funciones de arcos dobles, Triples y arcos mitades. -Arcos complementarios y suplementarios, transformación al primer cuadrante. -Transformación a producto de sumas y restas de funciones y viceversas. -Ecuacioens trigonométricas, expresiones de todos los arcos que tienen la misma función. -. -Construcción de tablas trigonométricas. -Resolución de triángulos oblicuángulos. -Funciones inversas, funcionesversos, external. -.
526 _aSEG44
526 _aSEG26
526 _aP159
526 _aP155
526 _aP154
526 _aP153
526 _aP150
526 _aP100
526 _aP31
526 _aP30
526 _aP26
526 _aP25
526 _aP24
526 _aP22
526 _aP15
526 _aP10
650 0 4 _aTrigonometría.
942 _2ddc
_cBOOK
949 _a516.24 G65
_wDEWEY
_c1
_i19214
_lCCODEBUL1
_mBUL
_p00.00
_r0
_sY
_tBOOK
_u2015-06-25
_xBIBLIOTECA
_zUNKNOWN
_0COMPRA
_o.STAFF. Colección General
596 _a1
999 _a516.24 G65
_wDEWEY
_c42139
_i19214
_d42139
_e2016-11-3
_f2019-12-11
_g6
_lREPAIR
_mBUL
_n4
_q2
_r0
_sY
_tBOOK
_u2015-6-25
_xINGENIERIA
_zUNKNOWN
_0COMPRA
_o.STAFF. Colección General
980 _81
_gALBERTO SANCHEZ Responsable de Automatización